Europa miedzy konfrontacja a wspólpraca Spotkanie Madryckie KBWE. Dóswiadczenia i perspektiwy

Enregistré dans:
Détails bibliographiques
Format: Livre
Langue:polonais
Publié: Warszawa Ksiazka i Wiedza 1986
Édition:1. wyd.
Tags: Ajouter un tag
Pas de tags, Soyez le premier à ajouter un tag!

MARC

LEADER 00000nam a2200000 4500
001 c023821
005 20221220071457.9
041 0 |a pol 
044 |a PL 
245 1 0 |a Europa miedzy konfrontacja a wspólpraca  |b Spotkanie Madryckie KBWE. Dóswiadczenia i perspektiwy 
250 |a 1. wyd. 
264 1 |a Warszawa  |b Ksiazka i Wiedza  |c 1986 
300 |a 277 s.